[Event "NED-chT 2122"]
[Site "Netherlands"]
[Date "2022.03.12"]
[Round "7.5"]
[White "Spoelman, Wouter"]
[Black "Ikonnikov, Vyacheslav"]
[Result "0-1"]
[WhiteElo "2555"]
[BlackElo "2501"]
[PlyCount "108"]
[EventDate "2021.09.18"]
[EventType "team-tourn"]
[EventRounds "9"]
[EventCountry "NED"]
[SourceTitle "EXT 2023"]
[Source "ChessBase"]
[SourceDate "2022.10.05"]
[SourceVersion "1"]
[SourceVersionDate "2022.10.05"]
[SourceQuality "1"]
[WhiteTeam "Kennemer Combinatie"]
[BlackTeam "Sas van Gent"]
[WhiteTeamCountry "NED"]
[BlackTeamCountry "NED"]

1. c4 e6 2. Nf3 Nf6 3. b3 b6 4. Bb2 Bb7 5. e3 d6 6. d4 Nbd7 7. Nc3 g6 8. Bd3 Bg7 9. 0-0 0-0 10. e4 a6 11. Re1 c5 12. Qd2 cxd4 13. Nxd4 Nc5 14. Rad1 Nxd3 15. Qxd3 Qc7 16. Nf3 Rfd8 17. Ba3 Ne8 18. Bb4 b5 19. Nd2 Qb6 20. cxb5 axb5 21. Qxb5 Qxb5 22. Nxb5 Rxa2 23. Nc4 d5 24. exd5 Rxd5 25. Rxd5 Bxd5 26. Nc3 Bxc3 27. Bxc3 Rc2 28. Be5 Bxc4 29. bxc4 Rxc4 30. h3 f6 31. Bb2 e5 32. Rd1 h5 33. Rd7 h4 34. g4 hxg3 35. fxg3 Rc2 36. Bxe5 fxe5 37. Re7 Ng7 38. Rxe5 Nf5 39. g4 Nh4 40. Re7 Kf8 41. Rb7 Rg2+ 42. Kh1 Re2 43. Kg1 Kg8 44. Ra7 Rg2+ 45. Kh1 Rb2 46. Kg1 Nf3+ 47. Kf1 Rh2 48. Ra5 Kf7 49. g5 Ke6 50. Ra6+ Kf5 51. Rf6+ Ke4 52. Ra6 Kf4 53. Ra4+ Kxg5 54. Rg4+ Kf5 0-1

[Event "NED-chT 2122"]
[Site "Netherlands"]
[Date "2021.11.06"]
[Round "3.4"]
[White "Spoelman, Wouter"]
[Black "Zwirs, Nico"]
[Result "1/2-1/2"]
[WhiteElo "2555"]
[BlackElo "2450"]
[PlyCount "80"]
[EventDate "2021.09.18"]
[EventType "team-tourn"]
[EventRounds "9"]
[EventCountry "NED"]
[SourceTitle "EXT 2023"]
[Source "ChessBase"]
[SourceDate "2022.10.05"]
[SourceVersion "1"]
[SourceVersionDate "2022.10.05"]
[SourceQuality "1"]
[WhiteTeam "Kennemer Combinatie"]
[BlackTeam "Apeldoorn Amevo"]
[WhiteTeamCountry "NED"]
[BlackTeamCountry "NED"]

1. d4 Nf6 2. Bf4 g6 3. Nc3 d5 4. e3 Bg7 5. Nb5 Na6 6. h3 c6 7. Nc3 Qb6 8. b3 0-0 9. Nf3 c5 10. Bxa6 Qxa6 11. Be5 cxd4 12. Qxd4 Bf5 13. 0-0-0 Rac8 14. Rd2 Rxc3 15. Qxc3 Ne4 16. Qb2 Bxe5 17. Nxe5 Nxd2 18. Kxd2 Rc8 19. Nd3 Bxd3 20. cxd3 d4 21. exd4 Qf6 22. Ke2 Qg5 23. g3 Rc6 24. Re1 Qf5 25. Kf1 Qxd3+ 26. Qe2 Qxd4 27. Qxe7 Rc2 28. Re2 Qd1+ 29. Re1 Qd4 30. Re2 Qd1+ 31. Re1 Qd5 32. Kg1 Rxa2 33. Qf6 Re2 34. Rxe2 Qd1+ 35. Kg2 Qxe2 36. Qd8+ Kg7 37. Qd4+ Kg8 38. Qd8+ Kg7 39. Qd4+ Kg8 40. Qd8+ Kg7 1/2-1/2

[Event "Bundesliga 1920 final"]
[Site "Karlsruhe"]
[Date "2020.09.20"]
[Round "7.5"]
[White "Jakubowski, Krzysztof"]
[Black "Spoelman, Wouter"]
[Result "1-0"]
[WhiteElo "2481"]
[BlackElo "2571"]
[PlyCount "99"]
[EventDate "2020.09.16"]
[EventType "team-tourn"]
[EventRounds "7"]
[EventCountry "GER"]
[SourceTitle "CBM 198 Extra"]
[Source "ChessBase"]
[SourceDate "2020.11.30"]
[SourceVersion "1"]
[SourceVersionDate "2020.11.30"]
[SourceQuality "1"]
[WhiteTeam "Berlin SF"]
[BlackTeam "Werder Bremen"]
[WhiteTeamCountry "GER"]
[BlackTeamCountry "GER"]

1. e4 c5 2. Nf3 d6 3. d4 cxd4 4. Nxd4 Nf6 5. Nc3 a6 6. Be3 e5 7. Nb3 Be6 8. h3 Be7 9. Qf3 0-0 10. 0-0-0 b5 11. g4 b4 12. Nd5 Nxd5 13. exd5 Bc8 14. Bd3 a5 15. Nd2 Nd7 16. Kb1 Ba6 17. Bxa6 Rxa6 18. Ne4 a4 19. g5 Qc7 20. Rd3 f5 21. gxf6 Nxf6 22. Rg1 Kh8 23. Ng5 Rc8 24. Rc1 Qd7 25. Qg2 g6 26. f4 exf4 27. Bxf4 Qf5 28. Rf1 Qd7 29. Bd2 Kg8 30. Nxh7 Kxh7 31. Qg5 Kg7 32. Rg3 Ng4 33. Qxg4 Qxg4 34. Rxg4 Ra5 35. Rfg1 Bf6 36. Rxg6+ Kf7 37. Rh6 Rxd5 38. Bxb4 Rg8 39. Rh7+ Ke6 40. Re1+ Re5 41. Rd1 Rd5 42. Rc1 Rg2 43. a3 Rf5 44. Ra7 Rf3 45. Ra6 Be5 46. Bxd6 Bxd6 47. Rd1 Rxh3 48. Raxd6+ Ke7 49. R6d4 Rhh2 50. Rc1 1-0

[Event "Bundesliga 1920 final"]
[Site "Karlsruhe"]
[Date "2020.09.19"]
[Round "5.6"]
[White "Spoelman, Wouter"]
[Black "Adams, Michael"]
[Result "0-1"]
[WhiteElo "2571"]
[BlackElo "2706"]
[PlyCount "112"]
[EventDate "2020.09.16"]
[EventType "team-tourn"]
[EventRounds "7"]
[EventCountry "GER"]
[SourceTitle "CBM 198 Extra"]
[Source "ChessBase"]
[SourceDate "2020.11.30"]
[SourceVersion "1"]
[SourceVersionDate "2020.11.30"]
[SourceQuality "1"]
[WhiteTeam "Werder Bremen"]
[BlackTeam "Baden-Baden"]
[WhiteTeamCountry "GER"]
[BlackTeamCountry "GER"]

1. c4 e5 2. Nc3 Nf6 3. Nf3 Nc6 4. e3 Bb4 5. Qc2 Bxc3 6. Qxc3 Qe7 7. Be2 0-0 8. d4 exd4 9. Nxd4 Ne4 10. Qd3 Qb4+ 11. Kf1 Qe7 12. Nf5 Qe5 13. Ng3 Nc5 14. Qb1 a5 15. b3 d5 16. Bb2 Qd6 17. cxd5 Qxd5 18. Qc2 b6 19. Rd1 Qe6 20. Nh5 f6 21. Nf4 Qf7 22. Bh5 g6 23. Bf3 Nb4 24. Qc3 Ba6+ 25. Kg1 Rad8 26. Rxd8 Rxd8 27. Qxf6 Qxf6 28. Bxf6 Rd2 29. h4 Bb7 30. a3 Nd5 31. Bxd5+ Bxd5 32. h5 Ne4 33. Bd4 Nxf2 34. Nxd5 Nxh1 35. Kxh1 c5 36. Nf6+ Kf7 37. hxg6+ hxg6 38. Bc3 Rd3 39. Ne4 Rxe3 40. Nd6+ Ke6 41. Nb5 Kd5 42. Kg1 Ke4 43. Kf2 Kd3 44. g4 Re7 45. Bf6 Rd7 46. Kf3 Kc2 47. Kf4 Rd5 48. Ke4 Rd1 49. b4 axb4 50. axb4 cxb4 51. Nd4+ Kb1 52. Bd8 b3 53. Bxb6 b2 54. Nb5 Ka2 55. Nc3+ Kb3 56. Bd4 Rc1 0-1

[Event "PRO League Stage"]
[Site "Chess.com INT"]
[Date "2020.01.20"]
[Round "3"]
[White "Nasuta, Grzegorz"]
[Black "Spoelman, Wouter"]
[Result "0-1"]
[WhiteElo "2561"]
[BlackElo "2578"]
[PlyCount "70"]
[EventDate "2020.01.06"]
[EventType "team-swiss (rapid)"]
[EventRounds "7"]
[EventCountry "USA"]
[SourceTitle "CBM 194 Extra"]
[Source "ChessBase"]
[SourceDate "2020.03.31"]
[SourceVersion "1"]
[SourceVersionDate "2020.03.31"]
[SourceQuality "1"]
[WhiteTeam "Poland Hussars"]
[BlackTeam "Netherlands Mosquitoes"]
[WhiteTeamCountry "POL"]
[BlackTeamCountry "NED"]

1. e4 c5 2. Nf3 d6 3. Bb5+ Nc6 4. Bxc6+ bxc6 5. e5 Bg4 6. h3 Bh5 7. d3 dxe5 8. g4 Bg6 9. Nxe5 Qd5 10. Nf3 e6 11. Nc3 Qd8 12. Ne5 Bd6 13. Nc4 Nf6 14. Qf3 Nd5 15. Bd2 Be7 16. 0-0-0 Rb8 17. Ne4 0-0 18. h4 f5 19. Ng5 fxg4 20. Qxg4 Bf5 21. Qe2 Bf6 22. Rde1 Re8 23. Rhg1 Nb6 24. Nxb6 Bxb2+ 25. Kxb2 Qxb6+ 26. Bb4 Qxb4+ 27. Kc1 Red8 28. Qe5 Qb1+ 29. Kd2 Rxd3+ 30. Ke2 Qxc2+ 31. Kf1 Rf8 32. h5 Qc4 33. Re2 Rd5 34. Qe3 Bd3 35. Nxe6 Bxe2+ 0-1

[Event "PRO League Stage"]
[Site "Chess.com INT"]
[Date "2020.01.20"]
[Round "3"]
[White "Spoelman, Wouter"]
[Black "Bartel, Mateusz"]
[Result "1/2-1/2"]
[WhiteElo "2578"]
[BlackElo "2639"]
[PlyCount "106"]
[EventDate "2020.01.06"]
[EventType "team-swiss (rapid)"]
[EventRounds "7"]
[EventCountry "USA"]
[SourceTitle "CBM 194 Extra"]
[Source "ChessBase"]
[SourceDate "2020.03.31"]
[SourceVersion "1"]
[SourceVersionDate "2020.03.31"]
[SourceQuality "1"]
[WhiteTeam "Netherlands Mosquitoes"]
[BlackTeam "Poland Hussars"]
[WhiteTeamCountry "NED"]
[BlackTeamCountry "POL"]

1. c4 d6 2. g3 f5 3. Bg2 Nf6 4. Nc3 e5 5. d3 Be7 6. Nf3 Na6 7. 0-0 c6 8. Rb1 0-0 9. b4 Nc7 10. b5 c5 11. a4 a5 12. Ne1 Rb8 13. Nc2 b6 14. f4 Be6 15. Ne3 exf4 16. gxf4 d5 17. cxd5 Ncxd5 18. Ncxd5 Nxd5 19. Nxd5 Bxd5 20. e4 Be6 21. Bb2 Bf6 22. e5 Be7 23. Qf3 Qd7 24. Rfd1 Rfd8 25. d4 Bd5 26. Qxd5+ Qxd5 27. Bxd5+ Rxd5 28. dxc5 Bxc5+ 29. Kf1 Rbd8 30. Ke2 Kf7 31. Rxd5 Rxd5 32. Rd1 Rxd1 33. Kxd1 h6 34. e6+ Kxe6 35. Bxg7 h5 36. Ke2 Kd5 37. Kd3 Bd6 38. Bd4 Bxf4 39. Bxb6 Bxh2 40. Bxa5 h4 41. Ke2 h3 42. Kf2 f4 43. Bc7 Bg3+ 44. Kg1 Kc5 45. Kh1 h2 46. Be5 Kb6 47. Bd6 Ka5 48. Bc7+ Kxa4 49. b6 Bf2 50. b7 Ba7 51. Bxf4 Kb5 52. Bxh2 Kc6 53. Bg1 Kxb7 1/2-1/2

[Event "PRO League Stage"]
[Site "Chess.com INT"]
[Date "2020.01.20"]
[Round "3"]
[White "Spoelman, Wouter"]
[Black "Dragun, Kamil"]
[Result "0-1"]
[WhiteElo "2578"]
[BlackElo "2587"]
[PlyCount "84"]
[EventDate "2020.01.06"]
[EventType "team-swiss (rapid)"]
[EventRounds "7"]
[EventCountry "USA"]
[SourceTitle "CBM 194 Extra"]
[Source "ChessBase"]
[SourceDate "2020.03.31"]
[SourceVersion "1"]
[SourceVersionDate "2020.03.31"]
[SourceQuality "1"]
[WhiteTeam "Netherlands Mosquitoes"]
[BlackTeam "Poland Hussars"]
[WhiteTeamCountry "NED"]
[BlackTeamCountry "POL"]

1. c4 Nf6 2. Nf3 e6 3. b3 c5 4. Bb2 b6 5. g3 Bb7 6. Bg2 Be7 7. 0-0 0-0 8. e3 d5 9. cxd5 Nxd5 10. d4 Nc6 11. dxc5 Bxc5 12. Nbd2 Be7 13. Nc4 Bf6 14. Nfe5 Nxe5 15. Bxe5 b5 16. Bxf6 Qxf6 17. Nd6 Nc3 18. Qg4 Bxg2 19. Kxg2 Qe5 20. Qf4 Qd5+ 21. e4 Qc6 22. Rfc1 b4 23. f3 Rad8 24. e5 a5 25. a3 f6 26. Ne4 fxe5 27. Qxe5 Rd5 28. Rxc3 bxc3 29. Qxc3 Qxc3 30. Nxc3 Rd2+ 31. Kg1 Rxf3 32. Rc1 Rb2 33. Ne4 h6 34. Nc5 e5 35. Rd1 Rff2 36. Nd3 Rg2+ 37. Kf1 Ra2 38. Nxe5 Rxh2 39. Kg1 Rag2+ 40. Kf1 Rxg3 41. Rd8+ Kh7 42. Nd3 Rd2 0-1

[Event "PRO League Stage"]
[Site "Chess.com INT"]
[Date "2020.01.20"]
[Round "3"]
[White "Wojtaszek, Radoslaw"]
[Black "Spoelman, Wouter"]
[Result "0-1"]
[WhiteElo "2725"]
[BlackElo "2578"]
[PlyCount "54"]
[EventDate "2020.01.06"]
[EventType "team-swiss (rapid)"]
[EventRounds "7"]
[EventCountry "USA"]
[SourceTitle "CBM 194 Extra"]
[Source "ChessBase"]
[SourceDate "2020.03.31"]
[SourceVersion "1"]
[SourceVersionDate "2020.03.31"]
[SourceQuality "1"]
[WhiteTeam "Poland Hussars"]
[BlackTeam "Netherlands Mosquitoes"]
[WhiteTeamCountry "POL"]
[BlackTeamCountry "NED"]

1. Nf3 d5 2. e3 c6 3. c4 Nf6 4. Nc3 e6 5. Qc2 Nbd7 6. b3 b6 7. cxd5 exd5 8. Bb2 Bb7 9. g3 d4 10. exd4 Bd6 11. Bg2 Qe7+ 12. Kf1 0-0 13. Re1 Qd8 14. Ne5 Nd5 15. Nxd5 cxd5 16. Bf3 Rc8 17. Qf5 Nf6 18. Kg2 g6 19. Qg5 Rc2 20. Rb1 Ne4 21. Qxd8 Rxd8 22. Rhc1 Rxd2 23. Ng4 f5 24. Bxe4 fxg4 25. Bc3 dxe4 26. Bxd2 e3+ 27. Kg1 exd2 0-1

[Event "PRO League Stage"]
[Site "Chess.com INT"]
[Date "2020.01.08"]
[Round "1"]
[White "Moroni, Luca Jr"]
[Black "Spoelman, Wouter"]
[Result "1-0"]
[WhiteElo "2532"]
[BlackElo "2578"]
[PlyCount "71"]
[EventDate "2020.01.06"]
[EventType "team-swiss (rapid)"]
[EventRounds "7"]
[EventCountry "USA"]
[SourceTitle "CBM 194 Extra"]
[Source "ChessBase"]
[SourceDate "2020.03.31"]
[SourceVersion "1"]
[SourceVersionDate "2020.03.31"]
[SourceQuality "1"]
[WhiteTeam "Italy Gladiators"]
[BlackTeam "Netherlands Mosquitoes"]
[WhiteTeamCountry "ITA"]
[BlackTeamCountry "NED"]

1. Nf3 d5 2. g3 Nf6 3. Bg2 c6 4. 0-0 Bg4 5. d3 Nbd7 6. Nbd2 e6 7. Qe1 Be7 8. h3 Bh5 9. Nh4 g5 10. Nhf3 h6 11. e4 dxe4 12. dxe4 Bg6 13. b3 Qc7 14. Bb2 0-0-0 15. a4 g4 16. hxg4 Nxg4 17. Bxh8 Rxh8 18. Qe2 h5 19. e5 Ndxe5 20. Nxe5 Nxe5 21. Rfe1 Ng4 22. Qc4 Bf5 23. Be4 Bxe4 24. Rxe4 Bd6 25. Rxg4 hxg4 26. Qxg4 Kb8 27. Rd1 f5 28. Qg6 Bc5 29. Nf3 a5 30. Kg2 Ka7 31. Qxe6 Qh7 32. Nh4 f4 33. Qf5 f3+ 34. Kg1 Qg7 35. Qxc5+ b6 36. Qxc6 1-0

[Event "PRO League Stage"]
[Site "Chess.com INT"]
[Date "2020.01.08"]
[Round "1"]
[White "Spoelman, Wouter"]
[Black "Moiseenko, Alexander"]
[Result "0-1"]
[WhiteElo "2578"]
[BlackElo "2620"]
[PlyCount "72"]
[EventDate "2020.01.06"]
[EventType "team-swiss (rapid)"]
[EventRounds "7"]
[EventCountry "USA"]
[SourceTitle "CBM 194 Extra"]
[Source "ChessBase"]
[SourceDate "2020.03.31"]
[SourceVersion "1"]
[SourceVersionDate "2020.03.31"]
[SourceQuality "1"]
[WhiteTeam "Netherlands Mosquitoes"]
[BlackTeam "Italy Gladiators"]
[WhiteTeamCountry "NED"]
[BlackTeamCountry "ITA"]

1. Nf3 Nf6 2. c4 e6 3. b3 d5 4. Bb2 b6 5. e3 Bd6 6. Nc3 a6 7. Be2 Bb7 8. Qc2 0-0 9. g4 c5 10. g5 Ne8 11. cxd5 exd5 12. d4 cxd4 13. Nxd4 Nc6 14. Nxc6 Bxc6 15. Rg1 d4 16. exd4 Bxh2 17. Rg4 g6 18. 0-0-0 Bd7 19. Rg2 Bf4+ 20. Kb1 Bxg5 21. Rdg1 Bf6 22. Bc4 Bg7 23. Rh2 Bf5 24. Bd3 Bxd3 25. Qxd3 Nf6 26. Ne4 Nxe4 27. Qxe4 Re8 28. Qh1 Re2 29. Bc3 Rc8 30. Rg3 Qe8 31. f4 Rxh2 32. Qxh2 Qe4+ 33. Kb2 Rxc3 34. Kxc3 Qxd4+ 35. Kc2 Qb2+ 36. Kd3 Qxh2 0-1

[Event "Bundesliga 1920"]
[Site "Germany"]
[Date "2019.12.08"]
[Round "4.5"]
[White "Spoelman, Wouter"]
[Black "Braun, Arik"]
[Result "1/2-1/2"]
[WhiteElo "2588"]
[BlackElo "2600"]
[PlyCount "84"]
[EventDate "2019.11.23"]
[EventType "team-tourn"]
[EventRounds "15"]
[EventCountry "GER"]
[SourceTitle "CBM 193 Extra"]
[Source "ChessBase"]
[SourceDate "2020.01.31"]
[SourceVersion "1"]
[SourceVersionDate "2020.01.31"]
[SourceQuality "1"]
[WhiteTeam "Werder Bremen"]
[BlackTeam "Hockenheim"]
[WhiteTeamCountry "GER"]
[BlackTeamCountry "GER"]

1. c4 e6 2. Nf3 d5 3. g3 Nf6 4. Bg2 d4 5. 0-0 c5 6. e3 Nc6 7. exd4 cxd4 8. d3 Bd6 9. Bg5 h6 10. Bxf6 Qxf6 11. Nbd2 Qe7 12. a3 a5 13. Ne4 0-0 14. Nxd6 Qxd6 15. Nd2 a4 16. Rc1 Qc7 17. c5 Ne5 18. f4 Ng6 19. Ne4 Ra5 20. Qc2 Ne7 21. Qc4 Nf5 22. Qb4 Ne3 23. Rfe1 Rd8 24. Nd6 Nxg2 25. Kxg2 Bd7 26. Kg1 Bc6 27. f5 exf5 28. Re5 f6 29. Re2 Bf3 30. Rec2 Kh7 31. Nxf5 Raa8 32. Nxd4 Bd5 33. Re1 Re8 34. Rce2 Rxe2 35. Rxe2 Qd7 36. Qe1 Rc8 37. c6 Bxc6 38. Nxc6 Rxc6 39. Rd2 Qd4+ 40. Kg2 Rb6 41. Qf2 Qd5+ 42. Qf3 Qd4 1/2-1/2

[Event "NED-chT 1920"]
[Site "Netherlands"]
[Date "2019.11.23"]
[Round "3.3"]
[White "Spoelman, Wouter"]
[Black "Bosboom, Manuel"]
[Result "1/2-1/2"]
[WhiteElo "2588"]
[BlackElo "2425"]
[PlyCount "102"]
[EventDate "2019.09.28"]
[EventType "team-tourn"]
[EventRounds "9"]
[EventCountry "NED"]
[SourceTitle "CBM 193 Extra"]
[Source "ChessBase"]
[SourceDate "2020.01.31"]
[SourceVersion "1"]
[SourceVersionDate "2020.01.31"]
[SourceQuality "1"]
[WhiteTeam "Kennemer Combinatie"]
[BlackTeam "En Passant"]
[WhiteTeamCountry "NED"]
[BlackTeamCountry "NED"]

1. c4 b6 2. b3 Bb7 3. Bb2 e6 4. e3 Nf6 5. Nf3 c5 6. Be2 Be7 7. a3 Nc6 8. Nc3 Rc8 9. d4 cxd4 10. Nxd4 Qc7 11. 0-0 h5 12. f4 h4 13. Bf3 h3 14. g3 Na5 15. e4 a6 16. Qd3 d6 17. Rac1 Qb8 18. Na4 Nd7 19. b4 Nxc4 20. Rxc4 Rxc4 21. Nxe6 fxe6 22. Qxc4 b5 23. Qxe6 Qa7+ 24. Kh1 Nf8 25. Qf5 bxa4 26. Bxg7 Rg8 27. Qh5+ Kd8 28. Qa5+ Ke8 29. Bh5+ Kd7 30. Qxa4+ Bc6 31. Bg4+ Kc7 32. Rc1 Qb6 33. Bd4 Qb5 34. Qxb5 axb5 35. Bxh3 Kb7 36. Bc8+ Kxc8 37. Rxc6+ Kd7 38. Rb6 Ne6 39. Rb7+ Kc6 40. Rxe7 Nxd4 41. f5 d5 42. f6 dxe4 43. Rxe4 Kd5 44. Rf4 Ke5 45. Kg2 Rf8 46. f7 Nf5 47. h4 Rxf7 48. Kh3 Ra7 49. Rf3 Ke4 50. Rf4+ Ke5 51. Rf3 Ke4 1/2-1/2

[Event "NED-chT 1920"]
[Site "Netherlands"]
[Date "2019.11.02"]
[Round "2.1"]
[White "Zwirs, Nico"]
[Black "Spoelman, Wouter"]
[Result "1/2-1/2"]
[WhiteElo "2420"]
[BlackElo "2588"]
[PlyCount "72"]
[EventDate "2019.09.28"]
[EventType "team-tourn"]
[EventRounds "9"]
[EventCountry "NED"]
[SourceTitle "CBM 193 Extra"]
[Source "ChessBase"]
[SourceDate "2020.01.31"]
[SourceVersion "1"]
[SourceVersionDate "2020.01.31"]
[SourceQuality "1"]
[WhiteTeam "Apeldoorn MuConsult"]
[BlackTeam "Kennemer Combinatie"]
[WhiteTeamCountry "NED"]
[BlackTeamCountry "NED"]

1. e4 c5 2. Nf3 a6 3. c3 d5 4. exd5 Qxd5 5. d4 Nf6 6. Be2 e6 7. 0-0 cxd4 8. cxd4 Nc6 9. Nc3 Qd6 10. Bg5 Be7 11. Qd2 0-0 12. Rfd1 b5 13. Bxf6 Bxf6 14. Ne4 Qe7 15. Qf4 Nb4 16. Ne5 Nd5 17. Nxf6+ gxf6 18. Qg3+ Kh8 19. Nc6 Qd7 20. Rac1 Rg8 21. Qf3 Qd6 22. g3 Bd7 23. Na5 f5 24. Bf1 Rg5 25. Nb7 Qb6 26. Nc5 Bc6 27. Nd3 Rag8 28. Nf4 Rg4 29. Nxd5 Bxd5 30. Qe3 Qd8 31. Bg2 f4 32. Qe2 fxg3 33. hxg3 Bxg2 34. Kxg2 Qd5+ 35. Qf3 Rd8 36. Rc7 Qxf3+ 1/2-1/2

[Event "PRO League Stage"]
[Site "Chess.com INT"]
[Date "2019.02.20"]
[Round "7"]
[White "Spoelman, Wouter"]
[Black "Fressinet, Laurent"]
[Result "1-0"]
[WhiteElo "2578"]
[BlackElo "2655"]
[PlyCount "115"]
[EventDate "2019.01.08"]
[EventType "team-swiss (rapid)"]
[EventRounds "10"]
[EventCountry "USA"]
[SourceTitle "CBM 189 Extra"]
[Source "ChessBase"]
[SourceDate "2019.06.03"]
[SourceVersion "1"]
[SourceVersionDate "2019.06.03"]
[SourceQuality "1"]
[WhiteTeam "Amsterdam Mosquitoes"]
[BlackTeam "Marseille Migraines"]
[WhiteTeamCountry "NED"]
[BlackTeamCountry "FRA"]

1. c4 Nf6 2. Nf3 g6 3. b3 Bg7 4. Bb2 0-0 5. g3 d6 6. Bg2 e5 7. 0-0 c5 8. Nc3 Nc6 9. e3 Bf5 10. d3 Qd7 11. Qe2 Bh3 12. Bxh3 Qxh3 13. Ng5 Qd7 14. Nge4 Ne8 15. Nd5 f5 16. Nec3 Nc7 17. Nxc7 Qxc7 18. Nd5 Qf7 19. e4 f4 20. f3 Ne7 21. g4 Nxd5 22. exd5 h5 23. gxh5 gxh5 24. Kh1 Qf5 25. Rg1 Kh7 26. Qe4 Qxe4 27. dxe4 Bf6 28. Kg2 b5 29. cxb5 Rfb8 30. Rgc1 Rxb5 31. Rc4 Rg8+ 32. Kh3 Rb7 33. Rac1 Rbg7 34. R4c2 Bd8 35. Bc3 Rg1 36. b4 c4 37. b5 Bb6 38. Bb4 R8g2 39. Bxd6 Rxc1 40. Rxg2 Rf1 41. Bxe5 Rxf3+ 42. Kh4 Kh6 43. Bg7+ Kh7 44. Be5 Kh6 45. Bg7+ Kh7 46. Bf6 c3 47. Kxh5 Rh3+ 48. Kg4 Rd3 49. Kf5 Bd4 50. Bxd4 Rxd4 51. Kxf4 Rd2 52. Rg3 c2 53. Rc3 Rxh2 54. Ke5 Kg6 55. Kd6 Kf7 56. e5 Rd2 57. e6+ Kf6 58. a4 1-0

[Event "NED-chT 1819"]
[Site "Netherlands"]
[Date "2019.02.09"]
[Round "6.4"]
[White "Spoelman, Wouter"]
[Black "Kollen, Zyon"]
[Result "1-0"]
[WhiteElo "2572"]
[BlackElo "2350"]
[PlyCount "97"]
[EventDate "2018.09.15"]
[EventType "team-tourn"]
[EventRounds "9"]
[EventCountry "NED"]
[SourceTitle "CBM 189 Extra"]
[Source "ChessBase"]
[SourceDate "2019.06.03"]
[SourceVersion "1"]
[SourceVersionDate "2019.06.03"]
[SourceQuality "1"]
[WhiteTeam "Kennemer Combinatie"]
[BlackTeam "Charlois Europoort"]
[WhiteTeamCountry "NED"]
[BlackTeamCountry "NED"]

1. c4 e5 2. Nc3 Bb4 3. Nd5 Bc5 4. Nf3 c6 5. Nc3 Qe7 6. e3 Nf6 7. d4 exd4 8. Nxd4 d5 9. cxd5 0-0 10. Be2 Rd8 11. Bf3 cxd5 12. 0-0 Nc6 13. Nce2 Ne5 14. b3 Nxf3+ 15. Nxf3 Bg4 16. Bb2 Ne4 17. Nfd4 Ng5 18. Qd3 Rac8 19. Ng3 g6 20. Rac1 h5 21. f3 Bd7 22. Nge2 Ne6 23. Rfe1 Ba3 24. Rxc8 Rxc8 25. Bc3 Bb4 26. Rc1 Bxc3 27. Rxc3 Rxc3 28. Nxc3 Qc5 29. h4 Nxd4 30. Qxd4 Qxd4 31. exd4 Be6 32. Kf2 f6 33. Ke3 Kf7 34. Nb5 Ke7 35. Nxa7 Bd7 36. a4 g5 37. hxg5 fxg5 38. Kd3 h4 39. a5 g4 40. fxg4 Bxg4 41. Ke3 Bd7 42. b4 Kd6 43. b5 Kc7 44. b6+ Kd6 45. Kf4 h3 46. gxh3 Bxh3 47. Nb5+ Kc6 48. Nc3 Kd6 49. Nxd5 1-0

[Event "NED-chT 1819"]
[Site "Netherlands"]
[Date "2018.12.15"]
[Round "5.4"]
[White "Beerdsen, Thomas"]
[Black "Spoelman, Wouter"]
[Result "1/2-1/2"]
[WhiteElo "2476"]
[BlackElo "2572"]
[PlyCount "54"]
[EventDate "2018.09.15"]
[EventType "team-tourn"]
[EventRounds "9"]
[EventCountry "NED"]
[SourceTitle "CBM 189 Extra"]
[Source "ChessBase"]
[SourceDate "2019.06.03"]
[SourceVersion "1"]
[SourceVersionDate "2019.06.03"]
[SourceQuality "1"]
[WhiteTeam "Apeldoorn MuConsult"]
[BlackTeam "Kennemer Combinatie"]
[WhiteTeamCountry "NED"]
[BlackTeamCountry "NED"]

1. e4 c5 2. Nf3 e6 3. d4 cxd4 4. Nxd4 Nc6 5. Nc3 Qc7 6. Qd3 a6 7. Nxc6 dxc6 8. Qg3 Qxg3 9. hxg3 e5 10. Na4 Be6 11. Nb6 Rd8 12. Be3 Nf6 13. f3 Bd6 14. g4 Nd7 15. Kf2 Bc5 16. Nxd7 Bxe3+ 17. Kxe3 Rxd7 18. g5 Ke7 19. Be2 f6 20. gxf6+ Kxf6 21. g3 h5 22. f4 g6 23. Raf1 Rdh7 24. Rh4 g5 25. fxg5+ Kxg5 26. Rfh1 Rh6 27. a3 a5 1/2-1/2

[Event "NED-chT 1819"]
[Site "Netherlands"]
[Date "2018.11.03"]
[Round "3.2"]
[White "Driessens, Patrick"]
[Black "Spoelman, Wouter"]
[Result "1/2-1/2"]
[WhiteElo "2269"]
[BlackElo "2572"]
[PlyCount "102"]
[EventDate "2018.09.15"]
[EventType "team-tourn"]
[EventRounds "9"]
[EventCountry "NED"]
[SourceTitle "CBM 187 Extra"]
[Source "ChessBase"]
[SourceDate "2018.11.04"]
[SourceVersion "1"]
[SourceVersionDate "2018.11.04"]
[SourceQuality "1"]
[WhiteTeam "Zuid Limburg"]
[BlackTeam "Kennemer Combinatie"]
[WhiteTeamCountry "NED"]
[BlackTeamCountry "NED"]

1. d4 d5 2. Nf3 c6 3. c4 Nf6 4. cxd5 cxd5 5. Nc3 Nc6 6. Bf4 Nh5 7. Bd2 Nf6 8. Bf4 e6 9. e3 Nh5 10. Be5 f6 11. Bg3 Be7 12. Bd3 g6 13. e4 0-0 14. 0-0 dxe4 15. Bxe4 Nxg3 16. hxg3 Kg7 17. Re1 Qa5 18. a3 Rd8 19. b4 Qb6 20. Na4 Qb5 21. Rc1 Bd7 22. Nc5 a5 23. Bd3 Qb6 24. Nxe6+ Bxe6 25. Rxe6 Bd6 26. Be4 axb4 27. Bxc6 bxc6 28. axb4 Rac8 29. Qa4 Kf7 30. Re3 Kg7 31. Rec3 Qxb4 32. Qxb4 Bxb4 33. Rxc6 Rxc6 34. Rxc6 h5 35. Kf1 Ra8 36. Rc2 Kf7 37. Ke2 Ke6 38. Kd3 Kd5 39. Nh4 Ra3+ 40. Ke2 g5 41. Nf5 Bc3 42. Ng7 Bxd4 43. Nxh5 f5 44. Rd2 Kc4 45. Rc2+ Bc3 46. g4 fxg4 47. Ng3 Ra1 48. Ke3 Kb3 49. Re2 Kc4 50. Ke4 Ra5 51. f4 gxf3 1/2-1/2

[Event "PRO League Stage"]
[Site "Chess.com INT"]
[Date "2018.02.03"]
[Round "4"]
[White "Carlsen, Magnus"]
[Black "Spoelman, Wouter"]
[Result "0-1"]
[WhiteElo "2834"]
[BlackElo "2578"]
[PlyCount "80"]
[EventDate "2018.01.18"]
[EventType "team-swiss (rapid)"]
[EventRounds "9"]
[EventCountry "USA"]
[SourceTitle "CBM 182 Extra"]
[Source "ChessBase"]
[SourceDate "2018.02.23"]
[SourceVersion "1"]
[SourceVersionDate "2018.02.23"]
[SourceQuality "1"]
[WhiteTeam "Norway Gnomes"]
[BlackTeam "Amsterdam Mosquitos"]
[WhiteTeamCountry "NOR"]
[BlackTeamCountry "NED"]

1. e4 c5 2. Nf3 e6 3. d3 Nc6 4. g3 d5 5. Qe2 Nge7 6. Bg2 g6 7. h4 h5 8. 0-0 Bg7 9. e5 Nf5 10. c3 b6 11. Bg5 Qc7 12. Re1 Ba6 13. a4 Nh6 14. Na3 Ng4 15. Bf4 0-0 16. Bh3 Qd7 17. Nc2 d4 18. c4 Bb7 19. Bxg4 hxg4 20. Nh2 Nxe5 21. Bxe5 Qc6 22. f3 gxf3 23. Qf2 f6 24. Bxd4 cxd4 25. Nxd4 Qd7 26. Nxe6 Rfe8 27. Nxg7 Kxg7 28. d4 Re2 29. Rxe2 fxe2 30. Re1 Qc6 31. d5 Qxc4 32. Rxe2 Qxd5 33. Re7+ Kg8 34. Kf1 Ba6+ 35. Kg1 Bb7 36. Kf1 Rc8 37. Re1 Qh1+ 38. Ke2 Rc2+ 39. Kd3 Rxf2 40. Rxh1 Bxh1 0-1